000 00269nam a2200109Ia 4500
005 20251222143247.0
008 251222s9999||||xx |||||||||||||| ||spa||
082 _a869.566/N37
100 _a"Neira, Hugo"
245 0 _aJose Carlos MariƔtegui en sus textos
942 _cLIB
999 _c14825
_d14825